| 000 | 00440cam a22001217a 4500 | ||
|---|---|---|---|
| 008 | 180718b1968 xxu||||| |||| 00| 0 eng d | ||
| 082 | _aA81x54 In2/61/12/Pt6/7 | ||
| 100 | _aCensus of India 1961 | ||
| 245 | _aOrissa: a monograph on village Rangamatia in Baripada subdivision of district Mayurbhanj | ||
| 260 |
_aDelhi _bThe Manager of Publications _c1968 |
||
| 300 | _a56+p. | ||
| 440 | _aCensus of India 1961. Volume-XII, Orissa. Part VI-No.7 | ||
| 999 |
_c484057 _d484057 |
||